Dzielnice Bytomia z mapą - Statystyki

Ogólne statystyki
  • Ten quiz został rozwiązany 973 razy
    972 od ostatniego zresetowania
  • Średni wynik to 8 z 12
Odpowiedzi na mapie
Odpowiedzi zakodowano w zielono-czerwonej skali na mapie do tego quizu, zgodnie z poniższymi procentami.
 
Statystyki odpowiedzi
Dzielnica % Poprawnych
Śródmieście
83%
Szombierki
81%
Bobrek
80%
Karb
78%
Miechowice
75%
Stroszek - Dąbrowa Miejska
74%
Łagiewniki
73%
Rozbark
70%
Stolarzowice
59%
Sucha Góra
54%
Górniki
52%
Osiedle Generała Jerzego Ziętka
33%
Nie znaleziono quizów pasujących do podanych kryteriów
Rozkład punktacji
Procent ludzi z każdym wynikiem
Percentyl według liczby udzielonych odpowiedzi
Twoja historia wyników
Nie rozwiązałeś tego quizu od ostatniego zresetowania